000 00499nam a2200181Ia 4500
005 20250326141911.0
008 250326s9999 xx 000 0 und d
037 _aTextbook
040 _aFMSL
_beng
_cFMSL
041 _aeng
_2eng
084 _qFMSL
100 _aChase-dunn C
_9745241
245 0 _aGlobal for motion : Structures of the world economy
_cChase-dunn C
260 _aCombridge
_bCombridge, Basil Blackwell
_c1989
300 _a427p
942 _cTB
999 _c1292517
_d1292517